000 01617nam a2200505 i 4500
001 46261
003 KOSZ 005
005 20200507104726.0
008 030307s2002 pl a |000 0 pol
015 _aUWD 2003/4628
020 _a8388840231
035 _a991020377199705066
035 _a(PL-WaBN)b15525181-48omnis_nlop
035 _ab15525181
035 _a(OCoLC)749259099
035 _a(PL)b0000001552518
035 _a(EXLNZ-48OMNIS_NETWORK)9910116918005606
040 _aWA N
_cWA N
_dKOSZ 005/HR
041 0 _apol
046 _k2002
080 _a658.3.012.4
080 _a005.95/.96
100 1 _aLipka, Anna
_c(ekonomia)
_eAutor
245 1 0 _aRyzyko personalne :
_bszanse i zagrożenia zarządzania zasobami ludzkimi /
_cAnna Lipka.
260 _aWarszawa :
_b"Poltext",
_c2002.
300 _a192 s. :
_bil. ;
_c24 cm.
336 _aTekst
_btxt
_2rdacontent
337 _aBez urządzenia pośredniczącego
_bn
_2rdamedia
338 _aWolumin
_bnc
_2rdacarrier
380 _aKsiążki
380 _aPublikacje fachowe
388 _a2001-
490 1 _aCzłowiek w Firmie
504 _aBibliogr.
650 7 _aZarządzanie zasobami ludzkimi (HRM)
650 7 _aPrzedsiębiorstwo
_2DBN
650 7 _aZatrudnienie
650 7 _aRyzyko gospodarcze
_2DBN
658 _aZarządzanie i marketing
710 2 _aWydawnictwo Poltext
_4pbl
830 0 _aCzłowiek w Firmie
856 _uhttp://koha.tu.koszalin.pl/cgi-bin/koha/opac-detail.pl?biblionumber=46261
_yKatalog online BPK
942 _2UKD
_cKS
999 _c46261
_d46261